000 00491cam a22001934a 4500
005 20250605163439.0
008 250528s ||||||||||||||||||||||||d
035 _a19412
020 _a9603514748
040 _aGR-AtMCL
_bgre
_dGR-AtMCL
_eAACR2
245 1 _aΣΤΡΑΤΗΓΙΚΟ ΜΑΡΚΕΤΙΝΓΚ
250 _a1
260 _bΑ.Σταμουλης,
_c2004
300 _a806
700 1 _aΣιωμκος Γεωργιος Ι
942 _cBK
999 _c4668
_d4668